[Event "Sitges op 45th"]
[Site "Sitges"]
[Date "2019.07.23"]
[Round "2"]
[White "Fernandez Fuentes, Francisco Javier"]
[Black "Anuj, Shrivatri"]
[Result "0-1"]
[WhiteElo "2082"]
[BlackElo "2372"]
[PlyCount "64"]
[EventDate "2019.07.22"]
[EventType "swiss"]
[EventRounds "9"]
[EventCountry "ESP"]
[SourceTitle "CBM 191 Extra"]
[Source "ChessBase"]
[SourceDate "2019.09.30"]
[SourceVersion "1"]
[SourceVersionDate "2019.09.30"]
[SourceQuality "1"]

1. d4 Nf6 2. c4 e6 3. g3 d5 4. Bg2 Bb4+ 5. Bd2 Bd6 6. Nf3 c6 7. Nc3 Nbd7 8. Qb3 0-0 9. Bf4 Bxf4 10. gxf4 b6 11. Ne5 Bb7 12. cxd5 Nxd5 13. Nxd5 cxd5 14. Rc1 Nxe5 15. fxe5 Qg5 16. 0-0 Ba6 17. f4 Qg4 18. Qf3 Bxe2 19. Qxg4 Bxg4 20. Rc7 f6 21. Rfc1 fxe5 22. fxe5 h5 23. Rb7 Rac8 24. Rcc7 Rxc7 25. Rxc7 Rf7 26. Rc8+ Kh7 27. h3 Bf5 28. h4 g5 29. hxg5 Kg6 30. Rg8+ Rg7 31. Rf8 Kxg5 32. Kh2 Rc7 0-1

[Event "Torredembarra op 20th"]
[Site "Torredembarra"]
[Date "2018.07.07"]
[Round "8"]
[White "Fernandez Fuentes, Francisco Javier"]
[Black "Avila Jimenez, Xavier"]
[Result "1-0"]
[WhiteElo "2113"]
[BlackElo "2235"]
[PlyCount "81"]
[EventDate "2018.06.30"]
[EventType "swiss"]
[EventRounds "9"]
[EventCountry "ESP"]
[SourceTitle "CBM 185 Extra"]
[Source "ChessBase"]
[SourceDate "2018.07.29"]
[SourceVersion "1"]
[SourceVersionDate "2018.07.29"]
[SourceQuality "1"]

1. e4 d5 2. exd5 Qxd5 3. Nc3 Qa5 4. d4 Nf6 5. Nf3 Bg4 6. h3 Bh5 7. g4 Bg6 8. Ne5 e6 9. h4 Bb4 10. h5 Be4 11. Rh3 Nc6 12. Nc4 Qd5 13. f3 Nxd4 14. fxe4 Qxe4+ 15. Ne3 0-0-0 16. Bd2 Qe5 17. Bd3 c5 18. Kf1 Qf4+ 19. Kg2 g6 20. h6 Bxc3 21. bxc3 Ne4 22. Be1 Ng5 23. cxd4 Nxh3 24. Nc4 Qxh6 25. Bg3 Nf4+ 26. Kf3 Rxd4 27. Nd6+ Rxd6 28. Bxf4 Qh3+ 29. Kf2 Rd4 30. Qf3 Qh4+ 31. Kg2 Rhd8 32. Rb1 R8d5 33. Bg3 Qxg4 34. Qxf7 e5 35. Qxb7+ Kd8 36. Qxa7 Rd7 37. Rb8+ Ke7 38. Qxc5+ Kf7 39. Qf8+ Ke6 40. Re8+ Kd5 41. Rxe5+ 1-0

[Event "Tarragona-chA"]
[Site "Tarragona"]
[Date "2017.11.05"]
[Round "6"]
[White "Fernandez Fuentes, Francisco Javier"]
[Black "Martinez Martin, Jose Javier"]
[Result "1-0"]
[WhiteElo "2134"]
[BlackElo "2006"]
[PlyCount "79"]
[EventDate "2017.10.08"]
[EventType "swiss"]
[EventRounds "9"]
[EventCountry "ESP"]
[SourceTitle "CBM 181 Extra"]
[Source "ChessBase"]
[SourceDate "2017.12.12"]
[SourceVersion "1"]
[SourceVersionDate "2017.12.12"]
[SourceQuality "1"]

1. e4 e6 2. d4 d5 3. e5 c5 4. c3 Qb6 5. Nf3 Nc6 6. a3 c4 7. Nbd2 Na5 8. Be2 Be7 9. 0-0 Bd7 10. Rb1 Qc7 11. Re1 Nh6 12. Bf1 b6 13. g3 0-0 14. Bh3 Kh8 15. Nf1 Ng8 16. Bg5 h6 17. Be3 Rae8 18. g4 Qd8 19. Ng3 Bh4 20. Nh5 g6 21. Nf4 Bg5 22. Bg2 Be7 23. h4 Bxh4 24. Nxh4 Qxh4 25. Bf3 Kg7 26. Kg2 Qd8 27. Rh1 f5 28. gxf5 Rxf5 29. Bg4 Rf7 30. Nxg6 Kxg6 31. Bh5+ Kg7 32. Qg4+ Kf8 33. Rh3 Rf5 34. Rg3 Rg5 35. Bxg5 Qxg5 36. Qh3 Qd8 37. Rg1 Nf6 38. Kf1 Nc6 39. exf6 Ne7 40. Rg7 1-0

[Event "Tarragona-chA"]
[Site "Tarragona"]
[Date "2017.10.22"]
[Round "3"]
[White "Sanchez Bernardino, Miguel Angel"]
[Black "Fernandez Fuentes, Francisco Javier"]
[Result "0-1"]
[WhiteElo "1954"]
[BlackElo "2134"]
[PlyCount "62"]
[EventDate "2017.10.08"]
[EventType "swiss"]
[EventRounds "9"]
[EventCountry "ESP"]
[SourceTitle "CBM 181 Extra"]
[Source "ChessBase"]
[SourceDate "2017.12.12"]
[SourceVersion "1"]
[SourceVersionDate "2017.12.12"]
[SourceQuality "1"]

1. e4 c6 2. d4 d5 3. e5 c5 4. dxc5 e6 5. Be3 Nc6 6. Bb5 Nge7 7. c3 Bd7 8. Bxc6 Nxc6 9. f4 g5 10. b4 gxf4 11. Bxf4 a5 12. Qb3 Bh6 13. Ne2 Bxf4 14. Nxf4 Qh4+ 15. g3 Qg5 16. 0-0 h5 17. Nd2 Nxe5 18. Nf3 Nxf3+ 19. Rxf3 h4 20. Raf1 a4 21. Qb1 0-0-0 22. b5 hxg3 23. Rxg3 Qh6 24. Rf2 Rdg8 25. Rxg8+ Rxg8+ 26. Rg2 Rxg2+ 27. Nxg2 e5 28. Qd1 Bxb5 29. Qxd5 Qc1+ 30. Kf2 Qf1+ 31. Kg3 Bc6 0-1

[Event "Tarragona Province-chA"]
[Site "L'Hospitalet Infant"]
[Date "2016.10.30"]
[Round "5"]
[White "Fernandez Fuentes, Francisco Javier"]
[Black "Rius Guarch, Daniel"]
[Result "1/2-1/2"]
[WhiteElo "2147"]
[BlackElo "1914"]
[PlyCount "81"]
[EventDate "2016.10.02"]
[EventType "swiss"]
[EventRounds "9"]
[EventCountry "ESP"]
[SourceTitle "EXT 2018"]
[Source "ChessBase"]
[SourceDate "2017.10.13"]
[SourceVersion "1"]
[SourceVersionDate "2017.10.13"]
[SourceQuality "1"]

1. d4 g6 2. c4 Bg7 3. Nc3 d6 4. e4 Nf6 5. Nge2 0-0 6. Ng3 Nbd7 7. Be2 c5 8. d5 h5 9. 0-0 Ne5 10. f4 Neg4 11. h3 Nh6 12. Be3 Bd7 13. Qd2 h4 14. Nh1 Kh7 15. Qe1 Qc8 16. Qxh4 Rh8 17. g4 Kg8 18. Qg3 Nhxg4 19. hxg4 Bxg4 20. Nf2 Bxe2 21. Nxe2 Nxe4 22. Nxe4 Rh3 23. Qf2 Qg4+ 24. Qg2 Qxg2+ 25. Kxg2 Rxe3 26. N4c3 a6 27. a4 e5 28. dxe6 fxe6 29. Rad1 Rd8 30. Rf3 Rxf3 31. Kxf3 Kf7 32. Ne4 Ke7 33. Kg4 Bxb2 34. Rb1 Ba3 35. Rxb7+ Rd7 36. Rxd7+ Kxd7 37. Kg5 d5 38. cxd5 exd5 39. Nd2 Bb4 40. Nb3 d4 41. Nexd4 1/2-1/2

[Event "Tarragona Province-chA"]
[Site "L'Hospitalet Infant"]
[Date "2016.10.02"]
[Round "1"]
[White "Fernandez Fuentes, Francisco Javier"]
[Black "Ferre Blasco, Jaume"]
[Result "1-0"]
[WhiteElo "2147"]
[BlackElo "1787"]
[PlyCount "31"]
[EventDate "2016.10.02"]
[EventType "swiss"]
[EventRounds "9"]
[EventCountry "ESP"]
[SourceTitle "EXT 2018"]
[Source "ChessBase"]
[SourceDate "2017.10.13"]
[SourceVersion "1"]
[SourceVersionDate "2017.10.13"]
[SourceQuality "1"]

1. e4 c6 2. d4 d5 3. exd5 cxd5 4. c4 e6 5. Nc3 Nf6 6. Nf3 Nbd7 7. Bd3 Be7 8. 0-0 0-0 9. Re1 dxc4 10. Bxc4 Re8 11. Bb3 Nf8 12. Bf4 a6 13. Qe2 Ng6 14. Bg3 Bd6 15. Ne5 Qb6 16. Nc4 1-0

[Event "Amposta Calbet Memorial"]
[Site "Amposta"]
[Date "2016.05.28"]
[Round "7"]
[White "Zurano Lopez, Pedro"]
[Black "Fernandez Fuentes, Francisco Javier"]
[Result "1-0"]
[WhiteElo "2297"]
[BlackElo "2141"]
[PlyCount "87"]
[EventDate "2016.04.16"]
[EventType "swiss"]
[EventRounds "8"]
[EventCountry "ESP"]
[SourceTitle "CBM 172 Extra"]
[Source "ChessBase"]
[SourceDate "2016.06.21"]
[SourceVersion "1"]
[SourceVersionDate "2016.06.21"]
[SourceQuality "1"]

1. d4 Nf6 2. g3 e6 3. Bg2 c5 4. Nf3 cxd4 5. 0-0 d5 6. Nxd4 Nc6 7. c4 Bc5 8. Nb3 Be7 9. cxd5 Nxd5 10. e4 Ndb4 11. Nc3 0-0 12. Be3 Qxd1 13. Raxd1 Nc2 14. Bd2 e5 15. Nd5 Bd8 16. Bc3 a5 17. Rd2 N2b4 18. Nc1 Be6 19. a3 Na6 20. Nd3 f6 21. Kh1 b5 22. f4 exf4 23. gxf4 b4 24. axb4 Bxd5 25. exd5 Ncxb4 26. d6 Rb8 27. f5 Nxd3 28. Rxd3 Nb4 29. Re3 Bb6 30. Re6 Rfd8 31. Rd1 Bc5 32. d7 Kf8 33. Bxb4 Bxb4 34. Bc6 Bc5 35. Rde1 g6 36. fxg6 hxg6 37. Rxf6+ Kg7 38. Ree6 Rxb2 39. Rxg6+ Kf7 40. Rgf6+ Kg7 41. Rf5 Rb1+ 42. Kg2 Rg1+ 43. Kf3 Rf1+ 44. Ke4 1-0

[Event "Amposta Calbet Memorial"]
[Site "Amposta"]
[Date "2016.05.21"]
[Round "6"]
[White "Fernandez Fuentes, Francisco Javier"]
[Black "Asensio Gil, Jesus"]
[Result "1-0"]
[WhiteElo "2141"]
[BlackElo "1908"]
[PlyCount "65"]
[EventDate "2016.04.16"]
[EventType "swiss"]
[EventRounds "8"]
[EventCountry "ESP"]
[SourceTitle "CBM 172 Extra"]
[Source "ChessBase"]
[SourceDate "2016.06.21"]
[SourceVersion "1"]
[SourceVersionDate "2016.06.21"]
[SourceQuality "1"]

1. e4 c5 2. Nf3 e6 3. c4 d5 4. exd5 exd5 5. cxd5 Nf6 6. Bc4 Be7 7. d4 0-0 8. dxc5 Bxc5 9. 0-0 Bg4 10. Nc3 a6 11. a4 Nbd7 12. Bf4 Nh5 13. Be3 Bxe3 14. fxe3 Qb6 15. Qd2 Bxf3 16. gxf3 Rae8 17. Rae1 Ne5 18. Be2 f5 19. f4 Qg6+ 20. Kh1 Nd7 21. Rg1 Qh6 22. Rg5 Ndf6 23. Reg1 g6 24. d6 Rf7 25. Bc4 Ng4 26. Bxf7+ Kxf7 27. Nd5 Rd8 28. Nb6 Rxd6 29. Qc2 Rxb6 30. Qc7+ Kf8 31. Qd8+ Kf7 32. R5xg4 Rxb2 33. Rh4 1-0

[Event "Amposta Calbet Memorial"]
[Site "Amposta"]
[Date "2016.05.07"]
[Round "4"]
[White "Fernandez Fuentes, Francisco Javier"]
[Black "Pie Fuertes, Pere"]
[Result "1-0"]
[WhiteElo "2141"]
[BlackElo "1697"]
[PlyCount "49"]
[EventDate "2016.04.16"]
[EventType "swiss"]
[EventRounds "8"]
[EventCountry "ESP"]
[SourceTitle "CBM 172 Extra"]
[Source "ChessBase"]
[SourceDate "2016.06.21"]
[SourceVersion "1"]
[SourceVersionDate "2016.06.21"]
[SourceQuality "1"]

1. e4 e5 2. Nf3 Nc6 3. Bb5 d6 4. Bxc6+ bxc6 5. d4 exd4 6. Qxd4 f6 7. Nc3 Ne7 8. h4 c5 9. Qc4 Qd7 10. Be3 Nc6 11. 0-0-0 Na5 12. Qb5 Nb7 13. e5 a6 14. Qxd7+ Bxd7 15. exf6 g6 16. h5 gxh5 17. Rde1 Kf7 18. Nd5 Rd8 19. Rxh5 c6 20. Ng5+ Kg6 21. Nf4+ Kxf6 22. Nxh7+ Kg7 23. Rg5+ Kxh7 24. Rh1+ Bh6 25. Rg6 1-0

[Event "Tarragona Province-ch"]
[Site "Tarragona"]
[Date "2015.09.27"]
[Round "1"]
[White "Bru Aljarilla, Francisco"]
[Black "Fernandez Fuentes, Francisco Javier"]
[Result "0-1"]
[WhiteElo "2007"]
[BlackElo "2260"]
[PlyCount "50"]
[EventDate "2015.09.27"]
[EventType "swiss"]
[EventRounds "9"]
[EventCountry "ESP"]
[SourceTitle "EXT 2017"]
[Source "ChessBase"]
[SourceDate "2016.10.25"]
[SourceVersion "1"]
[SourceVersionDate "2016.10.25"]
[SourceQuality "1"]

1. d4 Nf6 2. c4 e6 3. Nc3 Bb4 4. Qc2 d5 5. Nf3 c5 6. cxd5 exd5 7. Bg5 Nbd7 8. e3 Qa5 9. Bd3 c4 10. Bf5 h6 11. Bf4 Nb6 12. 0-0 0-0 13. Ne5 Bxc3 14. bxc3 Na4 15. g4 Nxc3 16. g5 hxg5 17. Bxg5 Nce4 18. Bxe4 Nxe4 19. Be7 Re8 20. Bh4 Bh3 21. Rfd1 Qa6 22. f3 Qh6 23. fxe4 Qxh4 24. Qf2 Qxf2+ 25. Kxf2 f6 0-1

[Event "Torredembarra op 17th"]
[Site "Torredembarra"]
[Date "2015.07.12"]
[Round "9"]
[White "Fernandez Fuentes, Francisco Javier"]
[Black "Gonzalez Perez, Arian"]
[Result "0-1"]
[WhiteElo "2125"]
[BlackElo "2440"]
[PlyCount "74"]
[EventDate "2015.07.04"]
[EventType "swiss"]
[EventRounds "9"]
[EventCountry "ESP"]
[SourceTitle "CBM 167 Extra"]
[Source "ChessBase"]
[SourceDate "2015.09.14"]
[SourceVersion "1"]
[SourceVersionDate "2015.09.14"]
[SourceQuality "1"]

1. e4 c5 2. Nf3 d6 3. Bb5+ Nd7 4. d4 cxd4 5. Qxd4 a6 6. Bxd7+ Bxd7 7. Bg5 Rc8 8. Nc3 h6 9. Bh4 e5 10. Qd3 g5 11. Bg3 Nf6 12. Nd2 b5 13. a3 h5 14. h4 g4 15. f4 gxf3 16. gxf3 Be6 17. f4 Qc7 18. Rf1 Be7 19. 0-0-0 Rg8 20. Rg1 Rg4 21. fxe5 dxe5 22. Nf3 Rd8 23. Qe2 Rxd1+ 24. Qxd1 Bd6 25. Qe1 Qc5 26. Ng5 Bc4 27. Bf2 Qc6 28. Qe3 Rxg1+ 29. Bxg1 a5 30. Qa7 b4 31. axb4 axb4 32. Nd5 Bxd5 33. exd5 Qxd5 34. b3 Nd7 35. Qf2 f6 36. Qf3 Qxf3 37. Nxf3 Bc5 0-1

[Event "Catalunya-chT"]
[Site "Catalunya"]
[Date "2014.03.22"]
[Round "9.4"]
[White "Fernandez Fuentes, Francisco Javier"]
[Black "Bruned Segura, Mario"]
[Result "0-1"]
[WhiteElo "2131"]
[BlackElo "2124"]
[PlyCount "105"]
[EventDate "2014.01.25"]
[EventType "team"]
[EventRounds "11"]
[EventCountry "ESP"]
[SourceTitle "EXT 2015"]
[Source "ChessBase"]
[SourceDate "2014.11.20"]
[SourceVersion "1"]
[SourceVersionDate "2014.11.20"]
[SourceQuality "1"]
[WhiteTeam "Reus Deportiu"]
[BlackTeam "Lleida"]
[WhiteTeamCountry "ESP"]
[BlackTeamCountry "ESP"]

1. e4 e5 2. Nf3 Nf6 3. Nxe5 d6 4. Nf3 Nxe4 5. Nc3 Nxc3 6. dxc3 Be7 7. Bf4 Nc6 8. Qd2 Be6 9. 0-0-0 Qd7 10. Kb1 0-0-0 11. Ng5 Bxg5 12. Bxg5 f6 13. Be3 Rhe8 14. Bb5 a6 15. Ba4 b5 16. Bb3 d5 17. Bf4 Ne7 18. Qd4 Nf5 19. Qa7 Qc6 20. Rhe1 Bf7 21. g4 Nd6 22. f3 Rxe1 23. Rxe1 Re8 24. Rd1 Rd8 25. Re1 Kd7 26. Qd4 Qb6 27. Qxb6 cxb6 28. Bxd6 Kxd6 29. Kc1 h5 30. h3 hxg4 31. hxg4 Re8 32. Rh1 Re7 33. Kd2 Be8 34. Rh8 a5 35. a3 a4 36. Ba2 Ke5 37. Ke3 g5 38. b3 f5 39. Rh6 f4+ 40. Kd3 Rh7 41. Rxh7 Bg6+ 42. Kd2 Bxh7 43. c4 bxc4 44. bxc4 d4 45. c5 bxc5 46. Bc4 Bg6 47. Bb5 Bf7 48. Bxa4 Bd5 49. Ke2 c4 50. Bb5 Kd6 51. Be8 Kc5 52. Bg6 Bc6 53. Bf7 0-1

[Event "Catalunya-chT"]
[Site "Catalunya"]
[Date "2014.03.01"]
[Round "6.3"]
[White "Fernandez Fuentes, Francisco Javier"]
[Black "Avila Jimenez, Xavier"]
[Result "0-1"]
[WhiteElo "2131"]
[BlackElo "2220"]
[PlyCount "70"]
[EventDate "2014.01.25"]
[EventType "team"]
[EventRounds "11"]
[EventCountry "ESP"]
[SourceTitle "EXT 2015"]
[Source "ChessBase"]
[SourceDate "2014.11.20"]
[SourceVersion "1"]
[SourceVersionDate "2014.11.20"]
[SourceQuality "1"]
[WhiteTeam "Reus Deportiu"]
[BlackTeam "Barcelona Escola Escacs"]
[WhiteTeamCountry "ESP"]
[BlackTeamCountry "ESP"]

1. e4 c6 2. d4 d5 3. exd5 cxd5 4. c4 Nf6 5. Nc3 Nc6 6. Bg5 dxc4 7. Bxc4 h6 8. Bxf6 exf6 9. Nge2 Bd6 10. 0-0 0-0 11. Qd2 Bf5 12. Rad1 Re8 13. Bd3 Qd7 14. Bxf5 Qxf5 15. Ng3 Qd7 16. Nge4 Bc7 17. Qxh6 Qg4 18. Nxf6+ gxf6 19. Nd5 Bd8 20. Rd3 Nxd4 21. Rh3 Qg7 22. Qd2 Bb6 23. Nxb6 Ne2+ 24. Kh1 axb6 25. Re1 Nf4 26. Rg3 Rxe1+ 27. Qxe1 Ng6 28. f4 f5 29. h4 Qf6 30. Rg5 Kf8 31. h5 Ne7 32. Qh4 Qxb2 33. h6 Ng6 34. Qh5 Qc1+ 35. Kh2 Qxf4+ 0-1

[Event "Catalunya-chT"]
[Site "Catalunya"]
[Date "2014.02.22"]
[Round "5.2"]
[White "Fernandez Fuentes, Francisco Javier"]
[Black "Gallart Zafra, Jaume"]
[Result "1-0"]
[WhiteElo "2131"]
[BlackElo "2260"]
[PlyCount "115"]
[EventDate "2014.01.25"]
[EventType "team"]
[EventRounds "11"]
[EventCountry "ESP"]
[SourceTitle "EXT 2015"]
[Source "ChessBase"]
[SourceDate "2014.11.20"]
[SourceVersion "1"]
[SourceVersionDate "2014.11.20"]
[SourceQuality "1"]
[WhiteTeam "Reus Deportiu"]
[BlackTeam "Tres Peons"]
[WhiteTeamCountry "ESP"]
[BlackTeamCountry "ESP"]

1. e4 c5 2. Nf3 d6 3. Bb5+ Nd7 4. d4 a6 5. Bxd7+ Bxd7 6. 0-0 cxd4 7. Qxd4 Nf6 8. Bg5 Bc6 9. Bxf6 gxf6 10. Nc3 Rg8 11. Qe3 Qd7 12. Nd4 h5 13. Nxc6 bxc6 14. f4 Bh6 15. Qf3 Qg4 16. Ne2 Kd7 17. Ng3 Rab8 18. b3 Qxf3 19. Rxf3 d5 20. Rd1 e6 21. Nxh5 Ke7 22. Ng3 Rb4 23. exd5 cxd5 24. Ne2 Rc8 25. c3 Re4 26. Kf2 a5 27. g4 a4 28. h4 axb3 29. axb3 Ra8 30. Rd2 Ra3 31. g5 fxg5 32. hxg5 Bg7 33. Rb2 d4 34. cxd4 Rxd4 35. Rc2 Rd7 36. b4 Ra4 37. Rb3 Rb7 38. Rc4 Rd7 39. Ke3 Ba1 40. Nd4 Bxd4+ 41. Rxd4 Rxd4 42. Kxd4 Kd6 43. Kc4 Ra1 44. Kb5 Rd1 45. Rc3 Rd5+ 46. Rc5 Rd4 47. Rc4 Rd5+ 48. Ka6 e5 49. b5 exf4 50. b6 Rd1 51. Rxf4 Ra1+ 52. Kb7 Rg1 53. Rf5 Ke6 54. Rb5 Kd7 55. Kb8 Kc6 56. b7 f6 57. Kc8 Rh1 58. Rb6+ 1-0

[Event "Catalunya-chT"]
[Site "Catalunya"]
[Date "2014.01.25"]
[Round "1.2"]
[White "Raineri de Luca, Pablo"]
[Black "Fernandez Fuentes, Francisco Javier"]
[Result "1/2-1/2"]
[WhiteElo "2266"]
[BlackElo "2131"]
[PlyCount "60"]
[EventDate "2014.01.25"]
[EventType "team"]
[EventRounds "11"]
[EventCountry "ESP"]
[SourceTitle "CBM 158 Extra"]
[Source "ChessBase"]
[SourceDate "2014.02.28"]
[SourceVersion "1"]
[SourceVersionDate "2014.02.28"]
[SourceQuality "1"]
[WhiteTeam "Badalona Sant Josep"]
[BlackTeam "Reus Deportiu"]
[WhiteTeamCountry "ESP"]
[BlackTeamCountry "ESP"]

1. d4 Nf6 2. c4 c5 3. d5 e5 4. Nc3 d6 5. e4 Be7 6. Be2 0-0 7. Be3 a6 8. a4 Ne8 9. Bg4 Nd7 10. Nf3 g6 11. Bh6 Ng7 12. Qd3 f5 13. Bh3 Nb8 14. Nd2 Bg5 15. Bxg7 Kxg7 16. 0-0 Bxd2 17. Qxd2 f4 18. Bxc8 Qxc8 19. f3 a5 20. Nb5 Qd7 21. Ra3 b6 22. g3 Na6 23. Nc3 g5 24. Nb5 Rf6 25. Kg2 Kf7 26. g4 h5 27. h3 Rh8 28. Raa1 Nb4 29. Rh1 Rfh6 30. Rag1 h4 1/2-1/2

[Event "Tarragona Province-ch"]
[Site "Hospitalet de l'Infant"]
[Date "2013.11.24"]
[Round "8"]
[White "Fernandez Fuentes, Francisco Javier"]
[Black "Fernandez Alonso, Miquel A"]
[Result "1-0"]
[WhiteElo "2119"]
[BlackElo "2087"]
[PlyCount "71"]
[EventDate "2013.10.06"]
[EventType "swiss"]
[EventRounds "9"]
[EventCountry "ESP"]
[SourceTitle "EXT 2017"]
[Source "ChessBase"]
[SourceDate "2016.10.25"]
[SourceVersion "1"]
[SourceVersionDate "2016.10.25"]
[SourceQuality "1"]

1. e4 c5 2. Nc3 Nc6 3. f4 e6 4. Nf3 d5 5. Bb5 Nge7 6. exd5 Nxd5 7. Bxc6+ bxc6 8. d3 g6 9. Ne4 Bg7 10. 0-0 Qe7 11. Ne5 Bb7 12. Qe1 Nf6 13. Qc3 Nxe4 14. dxe4 0-0 15. Be3 Rfd8 16. Bxc5 Qc7 17. Qe3 f6 18. Nd3 Rd7 19. Rfd1 Bc8 20. Bd4 Rf7 21. e5 f5 22. Bc5 Bf8 23. Bxf8 Kxf8 24. Nc5 Rb8 25. Qc3 Qb6 26. Rd4 Re7 27. b3 Bd7 28. Rad1 Be8 29. Qc4 Kf7 30. a4 a5 31. Kf1 Qb4 32. Qxb4 axb4 33. Rc4 Ra7 34. Rdd4 Ra5 35. Nd3 Rba8 36. Rxb4 1-0

[Event "Tarragona Province-ch"]
[Site "Hospitalet de l'Infant"]
[Date "2013.11.17"]
[Round "7"]
[White "Fernandez Fuentes, Francisco Javier"]
[Black "Sanchez Bernardino, Miguel Angel"]
[Result "1-0"]
[WhiteElo "2119"]
[BlackElo "2029"]
[PlyCount "43"]
[EventDate "2013.10.06"]
[EventType "swiss"]
[EventRounds "9"]
[EventCountry "ESP"]
[SourceTitle "EXT 2017"]
[Source "ChessBase"]
[SourceDate "2016.10.25"]
[SourceVersion "1"]
[SourceVersionDate "2016.10.25"]
[SourceQuality "1"]

1. d4 d5 2. Nf3 Nf6 3. c4 c6 4. Nc3 dxc4 5. a4 Bf5 6. e3 e6 7. Bxc4 Bb4 8. 0-0 Nbd7 9. Qe2 Bg6 10. Rd1 Qa5 11. Nd2 Bc2 12. Re1 0-0 13. Bb3 Bg6 14. Nc4 Qc7 15. Rd1 Rad8 16. Na2 Be7 17. Bd2 Ne4 18. Be1 Rfe8 19. f3 Nd6 20. Bg3 Nb6 21. Ne5 Nf5 22. Nxg6 1-0

[Event "Tarragona Province-ch"]
[Site "Hospitalet de l'Infant"]
[Date "2013.11.03"]
[Round "5"]
[White "Esplugas Esteve, Vicenc"]
[Black "Fernandez Fuentes, Francisco Javier"]
[Result "1-0"]
[WhiteElo "2231"]
[BlackElo "2119"]
[PlyCount "51"]
[EventDate "2013.10.06"]
[EventType "swiss"]
[EventRounds "9"]
[EventCountry "ESP"]
[SourceTitle "EXT 2017"]
[Source "ChessBase"]
[SourceDate "2016.10.25"]
[SourceVersion "1"]
[SourceVersionDate "2016.10.25"]
[SourceQuality "1"]

1. d4 Nf6 2. c4 g6 3. Nc3 Bg7 4. e4 d6 5. f4 c5 6. d5 0-0 7. Nf3 e6 8. dxe6 fxe6 9. Bd3 Nc6 10. 0-0 Nd4 11. Nxd4 cxd4 12. Nb5 e5 13. Qb3 Be6 14. Qb4 Ne8 15. f5 gxf5 16. exf5 Bf7 17. f6 Bxf6 18. Bh6 Bg7 19. Bxg7 Kxg7 20. c5 d5 21. Rae1 a5 22. Qd2 e4 23. Nxd4 exd3 24. Nf5+ Kg8 25. Qh6 Qf6 26. Ne7+ 1-0

[Event "Tarragona Province-ch"]
[Site "Hospitalet de l'Infant"]
[Date "2013.10.27"]
[Round "4"]
[White "Fernandez Fuentes, Francisco Javier"]
[Black "Regue Farran, Enric"]
[Result "1-0"]
[WhiteElo "2119"]
[BlackElo "2053"]
[PlyCount "67"]
[EventDate "2013.10.06"]
[EventType "swiss"]
[EventRounds "9"]
[EventCountry "ESP"]
[SourceTitle "EXT 2017"]
[Source "ChessBase"]
[SourceDate "2016.10.25"]
[SourceVersion "1"]
[SourceVersionDate "2016.10.25"]
[SourceQuality "1"]

1. d4 d5 2. Nf3 Nf6 3. e3 e6 4. Bd3 c5 5. b3 cxd4 6. exd4 Nc6 7. a3 Be7 8. 0-0 0-0 9. Nbd2 b6 10. Bb2 Bb7 11. Qe2 Rc8 12. Ne5 Bd6 13. f4 Ne7 14. Rae1 g6 15. Ndf3 Bxe5 16. dxe5 Nh5 17. Nd4 Nc6 18. f5 Nxd4 19. Bxd4 Qh4 20. Bf2 Qg5 21. Be3 Qh4 22. f6 d4 23. Bh6 Ng3 24. hxg3 Qxh6 25. Rf4 Rfd8 26. Qg4 Qf8 27. b4 Rc3 28. Rxd4 Rxd4 29. Qxd4 Rxa3 30. Rd1 h5 31. Qd7 Bd5 32. c4 Ba8 33. Qe7 Qc8 34. Bxg6 1-0

[Event "Tarragona Province-ch"]
[Site "Hospitalet de l'Infant"]
[Date "2013.10.20"]
[Round "3"]
[White "Barberans Sola, Sebastian"]
[Black "Fernandez Fuentes, Francisco Javier"]
[Result "0-1"]
[WhiteElo "1838"]
[BlackElo "2119"]
[PlyCount "46"]
[EventDate "2013.10.06"]
[EventType "swiss"]
[EventRounds "9"]
[EventCountry "ESP"]
[SourceTitle "EXT 2017"]
[Source "ChessBase"]
[SourceDate "2016.10.25"]
[SourceVersion "1"]
[SourceVersionDate "2016.10.25"]
[SourceQuality "1"]

1. d4 Nf6 2. c4 e6 3. Nc3 Bb4 4. e3 0-0 5. Bd3 d5 6. Qc2 c5 7. a3 Bxc3+ 8. bxc3 Qc7 9. Nf3 dxc4 10. Bxc4 Nc6 11. 0-0 e5 12. dxe5 Nxe5 13. Nxe5 Qxe5 14. f4 Qe7 15. Bd3 Re8 16. Re1 Bd7 17. c4 Bc6 18. Bb2 Ne4 19. Re2 f6 20. Rae1 Rad8 21. Rd1 Qd7 22. Red2 Nxd2 23. Rxd2 Be4 0-1

[Event "Tarragona Province-chA"]
[Site "Tarragona"]
[Date "2008.06.07"]
[Round "8"]
[White "Fernandez Fuentes, Francisco Javier"]
[Black "Khaidorov, Viacheslav"]
[Result "1-0"]
[WhiteElo "2141"]
[BlackElo "2154"]
[PlyCount "87"]
[EventDate "2008.04.19"]
[EventType "swiss"]
[EventRounds "8"]
[EventCountry "ESP"]
[SourceTitle "EXT 2019"]
[Source "ChessBase"]
[SourceDate "2018.10.10"]
[SourceVersion "1"]
[SourceVersionDate "2018.10.10"]
[SourceQuality "1"]

1. e4 e5 2. Nf3 Nc6 3. Bb5 a6 4. Bxc6 dxc6 5. 0-0 Qd6 6. Na3 Qe6 7. b3 Ne7 8. Nc4 Ng6 9. d4 exd4 10. Nxd4 Qg4 11. f3 Qh5 12. Be3 Bd7 13. Qe1 0-0-0 14. f4 Re8 15. f5 Ne5 16. Nxe5 Rxe5 17. Bf4 Bd6 18. Bxe5 Bxe5 19. Nf3 Bxa1 20. Qxa1 f6 21. Qd4 b6 22. Rd1 Rd8 23. c4 Qf7 24. b4 Qe7 25. c5 Be8 26. Qxd8+ Qxd8 27. Rxd8+ Kxd8 28. g4 h5 29. g5 Bf7 30. gxf6 gxf6 31. a3 Bb3 32. Nd4 Bc4 33. Kf2 Kd7 34. Ke3 Ba2 35. Kf4 Bc4 36. e5 fxe5+ 37. Kxe5 Bd5 38. Kf6 h4 39. Kg7 bxc5 40. bxc5 a5 41. f6 Ke8 42. h3 a4 43. Nf5 Be6 44. Nxh4 1-0